000 005450000a22001450004500
008 130427t xxu||||| |||| 00| 0 eng d
090 _c27255
_d27255
100 _aBaine, Aneurin
_947067
245 _aPersonnel recruitment and selection process for growing supermarkets in Uganda :
_bcase study top shop enterprise /
_cBaine Aneurin
260 _aNkozi :
_bUganda Martyrs Univeristy,
_c2003
300 _avii, 66 p. ;
_c30 cm.
500 _aBusiness administration and management
650 _aRecruitment-personnel
_947068
942 _cDISS
_2ddc
999 _c27255
_d27255